Potential theory in the complex plane (Record no. 82078)
[ view plain ]
| 000 -LEADER | |
|---|---|
| fixed length control field | 00917nam a2200181 a 4500 |
| 008 - FIXED-LENGTH DATA ELEMENTS--GENERAL INFORMATION | |
| fixed length control field | 120416s1995 ||||||||||||||||| || u |
| 020 ## - INTERNATIONAL STANDARD BOOK NUMBER | |
| International Standard Book Number | 0521466547 |
| 050 ## - LIBRARY OF CONGRESS CALL NUMBER | |
| Classification number | QA 404.7 Ran |
| 100 ## - MAIN ENTRY--PERSONAL NAME | |
| Personal name | Ransford, Thomas |
| 245 10 - TITLE STATEMENT | |
| Title | Potential theory in the complex plane |
| 260 ## - PUBLICATION, DISTRIBUTION, ETC. | |
| Place of publication, distribution, etc. | Cambridge: |
| Name of publisher, distributor, etc. | The University Press |
| Date of publication, distribution, etc. | 1995 |
| 350 ## - | |
| -- | 0.00 |
| 650 #0 - SUBJECT ADDED ENTRY--TOPICAL TERM | |
| Topical term or geographic name entry element | MATHEMATICS--HANDBOOKS, MANUALS, ETC |
| 650 ## - SUBJECT ADDED ENTRY--TOPICAL TERM | |
| Topical term or geographic name entry element | FUNCTIONS OF COMPLEX VARIABLES |
| 995 ## - | |
| -- | ANNEX COLLECTION (Main Library) |
| -- | 0.00 |
| -- | 728343 |
| -- | CBU-MAIN LIBRARY (Kitwe) |
| -- | 3 |
| -- | 24.15 |
| -- | QA 404.7 Ran |
| -- | 2 |
| -- | AVAILABLE |
| -- | 026250 |
| -- | Annex Low-Usage Collection |
| 995 ## - | |
| -- | MAIN LIBRARY OPEN ACCESS |
| -- | 0.00 |
| -- | 728342 |
| -- | CBU-MAIN LIBRARY (Kitwe) |
| -- | 1 |
| -- | 24.15 |
| -- | QA 404.7 Ran |
| -- | 1 |
| -- | AVAILABLE |
| -- | 025827 |
| -- | Main Library Open Access Collection |
| 995 ## - | |
| -- | ANNEX COLLECTION (Main Library) |
| -- | 0.00 |
| -- | 728344 |
| -- | CBU-MAIN LIBRARY (Kitwe) |
| -- | 2 |
| -- | 24.15 |
| -- | QA 404.7 Ran |
| -- | 3 |
| -- | AVAILABLE |
| -- | 026251 |
| -- | Annex Low-Usage Collection |
| 999 ## - | |
| -- | 82078 |
| -- | 82078 |
| Withdrawn status | Lost status | Source of classification or shelving scheme | Damaged status | Not for loan | Permanent Location | Current Location | Shelving location | Date acquired | Total Checkouts | Full call number | Barcode | Date last seen | Copy number | Price effective from | Koha item type |
|---|---|---|---|---|---|---|---|---|---|---|---|---|---|---|---|
| CBU-MAIN LIBRARY, KITWE. | CBU-MAIN LIBRARY, KITWE. | 09/12/2023 | QA 404.7 Ran | 026250 | 09/12/2023 | 1 | 09/12/2023 | MONOGRAPH | |||||||
| CBU-MAIN LIBRARY, KITWE. | CBU-MAIN LIBRARY, KITWE. | 09/12/2023 | QA 404.7 Ran | 025827 | 09/12/2023 | 2 | 09/12/2023 | MONOGRAPH | |||||||
| CBU-MAIN LIBRARY, KITWE. | CBU-MAIN LIBRARY, KITWE. | 09/12/2023 | QA 404.7 Ran | 026251 | 09/12/2023 | 3 | 09/12/2023 | MONOGRAPH |